|
|
|
|
| LEADER |
00000nam0a2200000 4500 |
| 001 |
257380 |
| 005 |
20231101233210.0 |
| 020 |
|
|
|a RU
|b 87-80271
|
| 035 |
|
|
|a (RuTPU)RU\TPU\book\280177
|
| 090 |
|
|
|a 257380
|
| 100 |
|
|
|a 20140416d1987 k a0rusy5003 ca
|
| 101 |
0 |
|
|a rus
|
| 102 |
|
|
|a UZ
|
| 105 |
|
|
|a a z 001zy
|
| 200 |
1 |
|
|a Количественная оценка сейсмической опасности Западного Узбекистана по геологическим и геофизическим данным
|f Ф. Ф. Зияудинов, Ю. М. Садыков
|g Академия наук Узбекской ССР (АН УзССР), Институт сейсмологии
|
| 210 |
|
|
|a Ташкент
|c Фан
|d 1987
|
| 215 |
|
|
|a 152 с.
|c ил.
|
| 320 |
|
|
|a Библиогр.: с. 145-152.
|
| 606 |
1 |
|
|a Землетрясения
|x Прогноз
|2 stltpush
|3 (RuTPU)RU\TPU\subj\11724
|9 38633
|
| 610 |
1 |
|
|a УзССР
|
| 610 |
1 |
|
|a Узбекистан
|
| 610 |
1 |
|
|a сейсмическая опасность
|
| 610 |
1 |
|
|a количественная оценка
|
| 610 |
1 |
|
|a геологические данные
|
| 675 |
|
|
|a 550.343.6
|z rus
|
| 700 |
|
1 |
|a Зияудинов
|b Ф. Ф.
|g Фатхидин Фахрудинович
|4 070
|
| 701 |
|
1 |
|a Садыков
|b Ю. М.
|g Юсуп Мухтарович
|4 070
|
| 712 |
0 |
2 |
|a Академия наук Узбекской ССР (АН УзССР)
|b Институт сейсмологии
|2 stltpush
|3 (RuTPU)RU\TPU\col\12809
|
| 801 |
|
0 |
|a RU
|b RuMRKP
|c 19950417
|g psbo
|
| 801 |
|
1 |
|a RU
|b 63413507
|c 20140416
|
| 801 |
|
2 |
|a RU
|b 63413507
|c 20190130
|g RCR
|
| 942 |
|
|
|c BK
|